Trouve le nom du jeu-vidéo - Statistiques

Statistiques générales
  • Ce quiz a été pris 133 fois
  • Le résultat moyen est 53 sur 150
Statistiques - réponses
Par images Réponse % Correct
Minecraft
98%
Grand Theft Auto V
87%
Fortnite
80%
Among Us
79%
Les Sims 4
76%
FIFA 18
68%
Tetris
65%
Spider-Man
64%
Fall Guys
63%
FIFA 17
58%
FIFA 21
58%
Grand Theft Auto IV
56%
Call of Duty: Black Ops III
55%
Red Dead Redemption II
55%
FIFA 19
54%
Just Dance
54%
Pokémon Noir
54%
The Last of Us
54%
FIFA 13
53%
PUBG: Battlegrounds
53%
Rocket League
53%
The Legend of Zelda: Breath of the Wild
53%
God of War
52%
New Super Mario Bros.
52%
FIFA 14
51%
FIFA 20
51%
Pac-Man
51%
The Witcher 3: Wild Hunt
51%
Portal 2
50%
Apex Legends
48%
FIFA 23
48%
Les Sims 3
48%
Mario Kart Wii
48%
Grand Theft Auto: San Andreas
47%
Hitman
47%
Lego Marvel Super Heroes
47%
NBA 2K22
47%
Wii Sports
47%
Batman: Arkham City
46%
Les Sims 2
46%
Sonic the Hedgehog
46%
Watch Dogs 2
45%
Mario Kart 8 Deluxe
43%
NBA 2K14
43%
The Elder Scrolls V: Skyrim
43%
Uncharted 2: Among Thieves
43%
Pokémon Rouge
42%
Super Smash Bros. Ultimate
42%
Pokémon Épée
41%
Pokémon Soleil
41%
Spider-Man 2
41%
Animal Crossing: New Horizons
40%
Cyberpunk 2077
40%
Pokémon Diamant
40%
Splatoon
40%
Super Mario Odyssey
40%
Tomb Raider
40%
World of Warcraft
40%
Halo 2
39%
League of Legends
39%
Pokémon Bleu
39%
Assassin’s Creed IV Black Flag
38%
Elden Ring
38%
Hogwarts Legacy : L'Héritage de Poudlard
38%
Pokémon Blanc
38%
The Legend of Zelda: Majora's Mask
38%
Crash Bandicoot
37%
Uncharted 4: A Thief's End
37%
Wii Fit
37%
Detroit: Become Human
36%
Far Cry 6
36%
Pokémon Perle
36%
Super Mario Galaxy
36%
Diablo III
35%
Far Cry 4
35%
Far Cry 5
35%
Ratchet and Clank
35%
The Legend of Zelda : Tears of the Kingdom
35%
Far Cry 3
33%
Five Nights at Freddy's
33%
Ghost of Tsushima
33%
Nintendogs
33%
Pokémon Argent
33%
Star Wars Battlefront
33%
Final Fantasy VII
32%
God of War Ragnarök
32%
Resident Evil 4
32%
Grand Theft Auto: Vice City
31%
Assassin's Creed II
30%
Horizon Zero Dawn
30%
NBA 2K15
30%
Prince of Persia : Les Sables du Temps
30%
Borderlands 2
29%
Call of Duty: Black Ops
29%
Gran Turismo 4
29%
Half-Life 2
29%
Pokémon Écarlate
29%
Pokémon Or
29%
Super Mario 64
29%
Tekken 7
29%
The Legend of Zelda: Twilight Princess
29%
Bloodborne
27%
Stray
27%
The Legend of Zelda: Ocarina of Time
27%
Battlefield 3
25%
Fallout 4
25%
Life Is Strange
25%
Metroid Prime 3: Corruption
25%
Street Fighter II: The World Warrior
25%
Little Big Planet
24%
Shadow of the Colossus
24%
Super Mario Bros. Wonder
24%
Terraria
24%
Tom Clancy's Splinter Cell
24%
Far Cry Primal
23%
Until Dawn
23%
Final Fantasy X
22%
Human: Fall Flat
22%
The Legend of Zelda: The Wind Waker
22%
Call of Duty: Modern Warfare 3
21%
Dead by Daylight
21%
Final Fantasy XIII
21%
Kingdom Hearts
21%
Monster Hunter: World
21%
Persona 5 Royal
21%
Wii Party
21%
Garry's Mod
20%
Guitar Hero 3: Legends of Rock
20%
The Legend of Zelda: Skyward Sword
19%
Counter-Strike
18%
Mass Effect 2
17%
Call of Duty: WWII
16%
Dark Souls
16%
Metal Gear Solid
16%
Days Gone
14%
Call of Duty: Black Ops II
13%
Dying Light
13%
The Last Guardian
13%
Mario Party 6
12%
Need for Speed: Underground
12%
Call of Duty 4: Modern Warfare
10%
Civilization IV
10%
Demon's Souls
9%
Final Fantasy IX
9%
Silent Hill 2
9%
Madden NFL 19
7%
Castlevania: Symphony of the Night
4%
Wii Play
4%
Kirby's Dream Land
3%
Baldur's Gate II: Shadows of Amn
2%
Aucun quiz correspondant
Distribution des résultats
% des personnes avec chaque résultat
Percentile par nombre de réponses
Votre historique - résultats
Vous n’avez pas pris ce quiz